<?xml version="1.0" encoding="UTF-8"?>
<record
    xmlns:xsi="http://www.w3.org/2001/XMLSchema-instance"
    xsi:schemaLocation="http://www.loc.gov/MARC21/slim http://www.loc.gov/standards/marcxml/schema/MARC21slim.xsd"
    xmlns="http://www.loc.gov/MARC21/slim">

  <leader>00762nam a22002537a 4500</leader>
  <controlfield tag="005">20260410112238.0</controlfield>
  <controlfield tag="008">260410b        |||||||| |||| 00| 0 eng d</controlfield>
  <datafield tag="020" ind1=" " ind2=" ">
    <subfield code="a">9789355321770</subfield>
  </datafield>
  <datafield tag="040" ind1=" " ind2=" ">
    <subfield code="c">AL</subfield>
  </datafield>
  <datafield tag="041" ind1=" " ind2=" ">
    <subfield code="a">English</subfield>
  </datafield>
  <datafield tag="082" ind1=" " ind2=" ">
    <subfield code="a">621.3815</subfield>
    <subfield code="b">JAIM</subfield>
  </datafield>
  <datafield tag="100" ind1=" " ind2=" ">
    <subfield code="a">R P Jain</subfield>
    <subfield code="9">261326</subfield>
  </datafield>
  <datafield tag="245" ind1=" " ind2=" ">
    <subfield code="a">Modern digital electronics</subfield>
  </datafield>
  <datafield tag="250" ind1=" " ind2=" ">
    <subfield code="a">5.</subfield>
  </datafield>
  <datafield tag="260" ind1=" " ind2=" ">
    <subfield code="a">Chennai</subfield>
    <subfield code="b">McGraw Hill Education (India) Private Limited</subfield>
    <subfield code="c">2025</subfield>
  </datafield>
  <datafield tag="300" ind1=" " ind2=" ">
    <subfield code="a">xxiv,759p.</subfield>
    <subfield code="b">PB</subfield>
    <subfield code="c">24x18cm.</subfield>
  </datafield>
  <datafield tag="365" ind1=" " ind2=" ">
    <subfield code="a">VBI-2645</subfield>
    <subfield code="b">&#x20B9;693.75</subfield>
    <subfield code="c">&#x20B9;</subfield>
    <subfield code="d">&#x20B9;925.00</subfield>
    <subfield code="e">25%</subfield>
    <subfield code="f">20-02-2026</subfield>
  </datafield>
  <datafield tag="650" ind1=" " ind2=" ">
    <subfield code="a">Digital electronics</subfield>
    <subfield code="9">261327</subfield>
  </datafield>
  <datafield tag="650" ind1=" " ind2=" ">
    <subfield code="a">Number Systems</subfield>
    <subfield code="9">261328</subfield>
  </datafield>
  <datafield tag="650" ind1=" " ind2=" ">
    <subfield code="a">Semiconductor Devices</subfield>
    <subfield code="9">261329</subfield>
  </datafield>
  <datafield tag="650" ind1=" " ind2=" ">
    <subfield code="a">Timing Circuits</subfield>
    <subfield code="9">261330</subfield>
  </datafield>
  <datafield tag="700" ind1=" " ind2=" ">
    <subfield code="a">Sarawadekar, Kishor</subfield>
    <subfield code="9">261331</subfield>
  </datafield>
  <datafield tag="942" ind1=" " ind2=" ">
    <subfield code="2">ddc</subfield>
    <subfield code="c">BK</subfield>
  </datafield>
  <datafield tag="999" ind1=" " ind2=" ">
    <subfield code="c">241215</subfield>
    <subfield code="d">241215</subfield>
  </datafield>
  <datafield tag="952" ind1=" " ind2=" ">
    <subfield code="0">0</subfield>
    <subfield code="1">0</subfield>
    <subfield code="2">ddc</subfield>
    <subfield code="4">0</subfield>
    <subfield code="7">0</subfield>
    <subfield code="8">ECE </subfield>
    <subfield code="a">SE</subfield>
    <subfield code="b">SE</subfield>
    <subfield code="d">2026-04-08</subfield>
    <subfield code="e">Vidyarthi Books</subfield>
    <subfield code="g">693.75</subfield>
    <subfield code="l">0</subfield>
    <subfield code="o">621.3815 JAIM</subfield>
    <subfield code="p">SE000465</subfield>
    <subfield code="r">2026-04-10 11:26:19</subfield>
    <subfield code="v">925.00</subfield>
    <subfield code="w">2026-02-20</subfield>
    <subfield code="y">BK</subfield>
  </datafield>
</record>
